[Event "Hebraica op 29th"]
[Site "Hebraica"]
[Date "2022.11.20"]
[Round "4"]
[White "Slater, Graeme"]
[Black "Faleiro, Rafael de Melo"]
[Result "1-0"]
[WhiteElo "1167"]
[BlackElo "1727"]
[PlyCount "137"]
[EventDate "2022.11.19"]
[EventType "swiss"]
[EventRounds "5"]
[EventCountry "BRA"]
[SourceTitle "CBM 211 Extra"]
[Source "ChessBase"]
[SourceDate "2023.01.31"]
[SourceVersion "1"]
[SourceVersionDate "2023.01.31"]
[SourceQuality "1"]

1. d4 Nf6 2. Nf3 g6 3. g3 Bg7 4. Bg2 d6 5. 0-0 0-0 6. b3 Nc6 7. Bb2 Bg4 8. h3 Bxf3 9. Bxf3 Rb8 10. c4 e5 11. dxe5 Nxe5 12. Bg2 Nfd7 13. Nc3 f5 14. Qc2 c6 15. Rad1 Nf6 16. Rd2 Nh5 17. Rfd1 Qb6 18. Na4 Qc7 19. Rxd6 Nf7 20. Rd7 Qc8 21. Bxg7 Nxg7 22. Re7 Re8 23. Rxe8+ Nxe8 24. Nc5 Nf6 25. Qc3 Ne4 26. Nxe4 fxe4 27. Bxe4 Qe8 28. Bf3 Ng5 29. Bg2 Qxe2 30. Qd2 Nf3+ 31. Bxf3 Qxf3 32. Qd3 Qh5 33. Kg2 Re8 34. Qf3 Qc5 35. Rd7 Rf8 36. Qe3 Qxe3 37. fxe3 Rb8 38. e4 h5 39. e5 Re8 40. Rxb7 Rxe5 41. Rxa7 Re6 42. Rc7 Kf8 43. a4 Ke8 44. a5 Kd8 45. Rh7 Re2+ 46. Kf3 Ra2 47. Rg7 Rxa5 48. Rxg6 Ra3 49. Rxc6 Rxb3+ 50. Kf4 Rb4 51. Kg5 Kd7 52. Rf6 Rxc4 53. Kxh5 Ke7 54. Rf4 Rc5+ 55. Kg4 Rc8 56. h4 Rg8+ 57. Kh3 Ke6 58. g4 Ke5 59. Rf5+ Ke6 60. h5 Rh8 61. Kh4 Rh7 62. Rg5 Kf6 63. Rg6+ Kf7 64. g5 Kf8 65. Rf6+ Kg7 66. h6+ Kg8 67. Kh5 Re7 68. Kg6 Rh7 69. Re6 1-0

[Event "Hebraica op 29th"]
[Site "Hebraica"]
[Date "2022.11.19"]
[Round "3"]
[White "Peres, Ricardo de Mattia"]
[Black "Slater, Graeme"]
[Result "1-0"]
[WhiteElo "1378"]
[BlackElo "1167"]
[PlyCount "65"]
[EventDate "2022.11.19"]
[EventType "swiss"]
[EventRounds "5"]
[EventCountry "BRA"]
[SourceTitle "CBM 211 Extra"]
[Source "ChessBase"]
[SourceDate "2023.01.31"]
[SourceVersion "1"]
[SourceVersionDate "2023.01.31"]
[SourceQuality "1"]

1. e4 c6 2. d4 d5 3. e5 c5 4. dxc5 e6 5. a3 Bxc5 6. Bd3 Nc6 7. Nf3 Nge7 8. b4 Bb6 9. Bb2 0-0 10. Nbd2 Ng6 11. c4 d4 12. Bxg6 hxg6 13. Ne4 Bc7 14. Nd6 Nxe5 15. Nxe5 Bxd6 16. Qxd4 Qc7 17. c5 Be7 18. Nd7 Bf6 19. Nxf6+ gxf6 20. Qxf6 e5 21. Bxe5 Qxe5+ 22. Qxe5 Bf5 23. 0-0 Rfe8 24. Qc7 Be4 25. Rfe1 Rac8 26. Qf4 Bc6 27. h3 Kg7 28. Re5 f6 29. Rxe8 Rxe8 30. Qd2 Re5 31. Re1 Rg5 32. Re7+ Kh6 33. h4 1-0

[Event "BRA-ch Amateur U1600"]
[Site "Sao Paulo"]
[Date "2022.06.18"]
[Round "6"]
[White "Slater, Graeme"]
[Black "Brujin, Homero"]
[Result "0-1"]
[WhiteElo "1127"]
[BlackElo "1470"]
[PlyCount "70"]
[EventDate "2022.06.16"]
[EventType "swiss"]
[EventRounds "7"]
[EventCountry "BRA"]
[SourceTitle "CBM 208 Extra"]
[Source "ChessBase"]
[SourceDate "2022.07.31"]
[SourceVersion "1"]
[SourceVersionDate "2022.07.31"]
[SourceQuality "1"]

1. d4 Nf6 2. Nf3 e6 3. g3 d5 4. Bg2 Be7 5. 0-0 0-0 6. c4 c6 7. cxd5 exd5 8. Nc3 Nbd7 9. Re1 Re8 10. Qc2 Nf8 11. Bd2 Bg4 12. e4 Bxf3 13. Bxf3 dxe4 14. Nxe4 Qxd4 15. Bc3 Qb6 16. Nxf6+ gxf6 17. Rad1 Rad8 18. Rxd8 Qxd8 19. Rd1 Qc7 20. Qf5 Kg7 21. Rd4 Ng6 22. Rg4 Qc8 23. Qg5 Qe6 24. Re4 Qd6 25. h4 Kf8 26. Qh6+ Kg8 27. Rg4 Bf8 28. Qh5 Bg7 29. Be4 f5 30. Qxf5 Bxc3 31. bxc3 Kg7 32. h5 Re5 33. Qf4 Qd1+ 34. Kh2 Rxh5+ 35. Rh4 Nxf4 0-1

[Event "Osasco Carvalho Memorial"]
[Site "Osasco"]
[Date "2022.02.20"]
[Round "6"]
[White "Ferreira, Wagner Maria Gangin"]
[Black "Slater, Graeme"]
[Result "1/2-1/2"]
[WhiteElo "1191"]
[BlackElo "1124"]
[PlyCount "88"]
[EventDate "2022.02.18"]
[EventType "swiss"]
[EventRounds "6"]
[EventCountry "BRA"]
[SourceTitle "CBM 207 Extra"]
[Source "ChessBase"]
[SourceDate "2022.05.31"]
[SourceVersion "1"]
[SourceVersionDate "2022.05.31"]
[SourceQuality "1"]

1. d4 d5 2. Bf4 Nf6 3. Nf3 e6 4. e3 Bd6 5. Bg3 0-0 6. Nbd2 c5 7. c3 Qc7 8. Ne5 Nbd7 9. Be2 Nxe5 10. dxe5 Bxe5 11. Bxe5 Qxe5 12. Nf3 Qc7 13. 0-0 e5 14. c4 Be6 15. cxd5 Rad8 16. Qc2 Bxd5 17. h3 Rfe8 18. a3 a6 19. Rfd1 Be4 20. Qc3 Bxf3 21. Bxf3 Rxd1+ 22. Rxd1 e4 23. Be2 Rd8 24. Qc2 Rxd1+ 25. Qxd1 Qd7 26. Qc2 a5 27. a4 Kf8 28. f3 exf3 29. Bxf3 g6 30. e4 Qd4+ 31. Kh2 Ke7 32. Qe2 Kd6 33. Qb5 Nd7 34. Bg4 Kc7 35. Bxd7 Qxd7 36. Qxd7+ Kxd7 37. Kg3 Ke6 38. Kf4 Kf6 39. e5+ Ke6 40. h4 f6 41. exf6 Kxf6 42. g4 h6 43. g5+ hxg5+ 44. hxg5+ Kg7 1/2-1/2